000 01068cam a22003017a 4500
003 CHAP
005 20220329142225.0
008 000228d1993 mx a r 00110 spa d
010 _a80141
011 _a81113
035 _a91575
040 _cCHAP
082 0 4 _a630.7249
_bI5
110 2 _aINIFAP. México. Campo Experimental Zacatepec
_958775
245 1 0 _aResúmenes de actividades de investigación 1992
_c/por INIFAP. Campo Experimental Zacatepec
260 _aZacatepec, Morelos :
_bINIFAP. Campo Experimental Zacatepec
_c1993.
300 _a113 p. :
_bilus. ; gráfs. ; cuadros
590 _aBATCH-UPD
_b10
_c20130110
_lUCH01
_h0807
590 _aBATCH-UPD
_b10
_c20130410
_lUCH01
_h0445
590 _aBATCH-UPD
_b10
_c20130914
_lUCH01
_h0721
590 _aCONVERSION
_b10
_c20130109
_lUCH01
_h1344
650 1 4 _aAgricultura
_xInvestigacion
_xMorelos.
_91645
650 1 4 _aBosques
_xInvestigación
_zMorelos.
_914315
901 _aBK
905 _aAlejandra Carrasco M.
942 _cLIBRO
949 _a630.7249 I5
_bBC
_cLIBRO
_d33724000743159
_eLIBRO
_h96994
_i91575
_sb
999 _c80141
_d80141